000 00562nam a2200181Ia 4500
003 GCL
008 140319s9999 xx 000 0 ara d
040 _aGCL /
_cGCL
082 0 4 _a812.009
_bا م
100 1 _aاحمد زياد محبك
245 1 0 _aالمسرحية التاريخية فى المسرح العربى المعاصر /
_cاحمد زياد محبك
300 _a369
490 _a100 قصة
_v0
650 0 4 _aالادب العربى
650 0 4 _aالمسرح العربى
650 0 4 _aالمسرح - تاريخ ونقد
942 _2ddc
_cBK
999 _c44151
_d44151